| 000 | 00631nam a2200193 i 4500 | ||
|---|---|---|---|
| 001 | 81687 | ||
| 003 | ES-MaACL | ||
| 005 | 20230906174506.0 | ||
| 007 | t| | ||
| 008 | 041105s1972 sp ||||1| spa d | ||
| 100 | 1 |
_aHuxley, Aldous, _d1894-1963 _964858 |
|
| 245 | 1 | 4 |
_aLos demonios de Loudun / _cAldous Huxley ; [traducción de Enrique de Antón Cuadrado ; revisión de Iris Menéndez]. |
| 260 |
_aBarcelona : _bPlaneta, _c[1972] |
||
| 300 |
_a323 p. ; _c20 cm. |
||
| 700 | 1 |
_aAntón Cuadrado, Enrique de. _921943 |
|
| 700 | 1 |
_aMenéndez, Iris. _980287 |
|
| 852 |
_aES-MaACL _jC-48037 _bR.81531 |
||
| 999 |
_c81687 _d81687 |
||